Reklama v krajinách Európskej únie
Reklama predstavuje v krajinách Európskej únie jedno z najväčších a najrozvinutejších priemyselných odvetví. V procese reklamy vystupujú tri dôležité prvky: firmy, reklamné agentúry a médiá. Zrozumiteľnosť reklamného jazyka. Proces tvorby a uskutočňovania reklamy v krajinách ES.
Guardado en:
| Autor principal: | |
|---|---|
| Formato: | Capítulo de libro |
| Lenguaje: | eslovaco |
| Materias: | |
| Etiquetas: |
Sin Etiquetas, Sea el primero en etiquetar este registro!
|
MARC
| LEADER | 00000naa a2200000 4500 | ||
|---|---|---|---|
| 001 | r034728 | ||
| 005 | 20230425123647.1 | ||
| 041 | 0 | |a slo | |
| 044 | |a SK | ||
| 245 | 1 | 0 | |a Reklama v krajinách Európskej únie |c Adriana Pakšiová |
| 520 | |a Reklama predstavuje v krajinách Európskej únie jedno z najväčších a najrozvinutejších priemyselných odvetví. V procese reklamy vystupujú tri dôležité prvky: firmy, reklamné agentúry a médiá. Zrozumiteľnosť reklamného jazyka. Proces tvorby a uskutočňovania reklamy v krajinách ES. | ||
| 610 | 2 | 0 | |a reklama |
| 610 | 2 | 0 | |a Európska únia |
| 610 | 2 | 0 | |a agentúry |
| 610 | 2 | 0 | |a firmy |
| 610 | 2 | 0 | |a médiá |
| 610 | 2 | 0 | |a produkty |
| 610 | 2 | 0 | |a objekty reklamy |
| 610 | 2 | 0 | |a spotrebitelia |
| 610 | 2 | 0 | |a marketing |
| 100 | 1 | |a Pakšiová, Adriana | |